Romanticismo político.
Saved in:
| Main Author: | |
|---|---|
| Format: | Book |
| Language: | Spanish |
| Published: |
Santiago, Chile:
Ediciones Olejnik,
2023.
|
| Edition: | Primera edición. |
| Series: | Biblioteca de Filosofía del Derecho.
|
| Subjects: | |
| Tags: |
Add Tag
No Tags, Be the first to tag this record!
|
MARC
| LEADER | 00000cam a2200000 a 4500 | ||
|---|---|---|---|
| 001 | UCD1750 | ||
| 003 | CL-VaPUC | ||
| 005 | 20250331162131.0 | ||
| 008 | 160324t20230000ag |||||||||||||||||spa|d | ||
| 999 | |c 447708 |d 447706 | ||
| 020 | |a 978-956-407-417-7 | ||
| 040 | |c Pontificia Universidad Católica de Valparaíso | ||
| 082 | 0 | 4 | |a 320.01 SCH 2023 |2 21 |
| 100 | |a Schmitt, Carl, |d 1888-1985 |e autor |9 258380 | ||
| 245 | 1 | 0 | |a Romanticismo político. |
| 250 | |a Primera edición. | ||
| 260 | |a Santiago, Chile: |b Ediciones Olejnik, |c 2023. | ||
| 300 | |a 213 páginas. | ||
| 490 | |a Biblioteca de Filosofía del Derecho. | ||
| 500 | |a c.1: Donación Rectoría. Biblioteca de Derecho. 20-01-2025. | ||
| 583 | |a last modification |c 20160324 12:59:00 |k Yessy Sthefany Diaz Vidal | ||
| 650 | 0 | |a Filosofía política |2 CL-VaPUC |9 295215 |x Romanticismo |z Alemania | |
| 650 | 0 | |a Ciencia política |9 324218 |v Historia |y Siglo 20 |z Europa | |
| 942 | |c BK |2 ddc | ||
| 945 | |d 20160324 12:59:00 |a arojas | ||
| 952 | |0 0 |1 0 |2 ddc |4 0 |6 320_010000000000000_SCH_2023 |7 0 |8 A |9 601973 |a BIBDER |b BIBDER |d 2025-03-27 |e Donación |i 5666819 |o 320.01 SCH 2023 |p 5666819 |r 2025-03-27 |t 1 |w 2025-03-27 |y BK |k DER | ||